বাংলাদেশ : অবৈধ অধ্যায় (Record no. 6738)
[ view plain ]
| 000 -LEADER | |
|---|---|
| fixed length control field | 00842nam a22002057a 4500 |
| 003 - CONTROL NUMBER IDENTIFIER | |
| control field | BUBTL |
| 008 - FIXED-LENGTH DATA ELEMENTS--GENERAL INFORMATION | |
| fixed length control field | 220904b ||||| |||| 00| 0 eng d |
| 020 ## - INTERNATIONAL STANDARD BOOK NUMBER | |
| International Standard Book Number | 9789843508249 |
| 082 ## - DEWEY DECIMAL CLASSIFICATION NUMBER | |
| Classification number | 954.92/ Ah52b/ 2021 |
| 100 ## - MAIN ENTRY--PERSONAL NAME | |
| 9 (RLIN) | 4626 |
| Personal name | আহমেদ, সিরাজ উদদীন |
| 245 ## - TITLE STATEMENT | |
| Title | বাংলাদেশ : অবৈধ অধ্যায় |
| Remainder of title | ১৯৭৫-১৯৯০ / |
| Statement of responsibility, etc. | সিরাজ উদদীন আহমেদ |
| 250 ## - EDITION STATEMENT | |
| Edition statement | 1st Edn. |
| 260 ## - PUBLICATION, DISTRIBUTION, ETC. (IMPRINT) | |
| Place of publication, distribution, etc. | ঢাকা: |
| Name of publisher, distributor, etc. | ভাস্কর প্রকাশনী, |
| Date of publication, distribution, etc. | c2021 |
| 300 ## - PHYSICAL DESCRIPTION | |
| Extent | 528 p.: |
| Other physical details | ills.; |
| Dimensions | 22 cm. |
| 505 ## - FORMATTED CONTENTS NOTE | |
| Formatted contents note | বাংলাদেশ, ১৯৭৫-১৯৯০, সিরাজ উদদীন আহমেদ |
| 650 #0 - SUBJECT ADDED ENTRY--TOPICAL TERM | |
| 9 (RLIN) | 3574 |
| Topical term or geographic name as entry element | বঙ্গবন্ধু |
| 856 ## - ELECTRONIC LOCATION AND ACCESS | |
| Password | 0 |
| Logon | 0 |
| Link text | Download |
| 942 ## - ADDED ENTRY ELEMENTS (KOHA) | |
| Source of classification or shelving scheme | |
| Koha item type | Books |
| Withdrawn status | Lost status | Source of classification or shelving scheme | Damaged status | Not for loan | Collection code | Permanent location | Current location | Shelving location | Date acquired | Source of acquisition | Inventory number | Total Checkouts | Full call number | Barcode | Date last seen | Copy number | Price effective from | Koha item type |
|---|---|---|---|---|---|---|---|---|---|---|---|---|---|---|---|---|---|---|
| Non-fiction | Bangladesh University of Business and Technology Library | Bangladesh University of Business and Technology Library | Historical Books | 08/30/2022 | Purchase | 28820 | 954.92/ Ah52b/ 2021 | BUBTL-200328820 | 09/04/2022 | C-1 | 09/04/2022 | Books | ||||||
| Non-fiction | Bangladesh University of Business and Technology Library | Bangladesh University of Business and Technology Library | Historical Books | 08/30/2022 | Purchase | 28821 | 954.92/ Ah52b/ 2021 | BUBTL-200328821 | 09/04/2022 | C-2 | 09/04/2022 | Books | ||||||
| Non-fiction | Bangladesh University of Business and Technology Library | Bangladesh University of Business and Technology Library | Historical Books | 08/30/2022 | Purchase | 28822 | 954.92/ Ah52b/ 2021 | BUBTL-200328822 | 09/04/2022 | C-3 | 09/04/2022 | Books | ||||||
| Non-fiction | Bangladesh University of Business and Technology Library | Bangladesh University of Business and Technology Library | Historical Books | 08/30/2022 | Purchase | 28823 | 954.92/ Ah52b/ 2021 | BUBTL-200328823 | 09/04/2022 | C-4 | 09/04/2022 | Books | ||||||
| Non-fiction | Bangladesh University of Business and Technology Library | Bangladesh University of Business and Technology Library | Historical Books | 08/30/2022 | Purchase | 28824 | 954.92/ Ah52b/ 2021 | BUBTL-200328824 | 09/04/2022 | C-5 | 09/04/2022 | Books | ||||||
| Non-fiction | Bangladesh University of Business and Technology Library | Bangladesh University of Business and Technology Library | Historical Books | 08/30/2022 | Purchase | 28825 | 954.92/ Ah52b/ 2021 | BUBTL-200328825 | 09/04/2022 | C-6 | 09/04/2022 | Books |
